Location? Location! Apartment Prices in Bratislava
Na minha lista:
| Autor principal: | |
|---|---|
| Formato: | Capítulo de Livro |
| Idioma: | inglês |
| Assuntos: | |
| Tags: |
Sem tags, seja o primeiro a adicionar uma tag!
|
MARC
| LEADER | 00000naa a2200000 4500 | ||
|---|---|---|---|
| 001 | 0250044 | ||
| 005 | 20240502074013.5 | ||
| 041 | 0 | |a eng | |
| 044 | |a SK | ||
| 245 | 1 | 0 | |a Location? Location! Apartment Prices in Bratislava |c Štefan Rehák |
| 500 | |a Abstrakt | ||
| 610 | 2 | 0 | |a nehnuteľnosti |
| 610 | 2 | 0 | |a Bratislava |
| 610 | 2 | 0 | |a byty |
| 610 | 2 | 0 | |a Slovensko |
| 610 | 2 | 0 | |a lokalizácia |
| 100 | 1 | |a Rehák, Štefan, 1974- | |